| 000 | 00695nam a2200205Ia 4500 | ||
|---|---|---|---|
| 005 | 20250508163452.0 | ||
| 008 | 008 250505s9999 xx 000 0 eng d | ||
| 037 | _aTextual | ||
| 040 |
_aFEDL _beng _cFEDL |
||
| 041 |
_aeng _2eng |
||
| 084 |
_a370.193, UNE _qFEDL |
||
| 245 | 0 | _aAftermath of the World conference on education for all | |
| 245 | 0 | _cUNESCO (Paris France) | |
| 260 |
_aParis, France _bUnited Nation Educational Scientfic and Cultural Orgnization _c1992 |
||
| 300 | _a191p | ||
| 546 | _aAcc. No. 083689 is MACESE BOOK | ||
| 650 |
_aEducation - sociology; Socially disadvantaged children _9775398 |
||
| 942 |
_cTEXL _h370.193, UNE |
||
| 999 |
_c1383499 _d1383499 |
||